| 000 | 00308nam a2200097Ia 4500 | ||
|---|---|---|---|
| 008 | 220204s9999 xx 000 0 und d | ||
| 082 |
_a546 _bANN.81 |
||
| 245 | 0 | _aAnnual reports on the progress of chemistry. V 81. Sec A. Inorganic chemistry. 1984 | |
| 260 |
_aLondon _bRoyal Soc of Chemistry _c1985 |
||
| 942 | _cBK | ||
| 999 |
_c44913 _d44913 |
||